000 00478nam a2200181Ia 4500
005 20250923144546.0
008 008 250917s9999 xx 000 0 eng d
037 _aTextual
040 _aDSWL
_beng
_cDSWL
041 _aeng
_2eng
084 _qDSWL
100 _aRougemont, D.D.
_9826082
245 0 _aPassion & society
_cby D.D. Rougemont
260 _aLondon
_bFaber & Faber Ltd
_c1956
300 _a336 p.
942 _cTEXL
999 _c1440466
_d1440466